| 000 | 01876cam a2200385 i 4500 | ||
|---|---|---|---|
| 001 | 15082411 | ||
| 003 | EG-ScBUE | ||
| 005 | 20241128105655.0 | ||
| 008 | 071115t2008 enk f b 001 0 eng d | ||
| 020 | _a1405179171 | ||
| 020 | _a9781405179171 | ||
| 040 |
_aDLC _beng _erda _cDLC _dDLC _dEG-ScBUE |
||
| 082 | 0 | 4 |
_a519.5024624 _222 _bKOT |
| 100 | 1 |
_aKottegoda, N. T., _eauthor. _920140 |
|
| 245 | 1 | 0 |
_aApplied statistics for civil and environmental engineers / _cNathabandu T. Kottegoda, Department of Hydraulic, Environmental, and Surveying Engineering, Politecnico di Milano, Italy, Renzo Rosso, Department of Hydraulic, Environmental, and Surveying Engineering, Politecnico di Milano, Italy. |
| 250 | _aSecond edition. | ||
| 264 | 1 |
_aOxford, UK ; _aMalden, MA : _bBlackwell Publishing, _c[2008] |
|
| 264 | 4 | _cc2008 | |
| 300 |
_a718 pages : _billustrations ; _c25 cm |
||
| 336 |
_2rdacontent _atext _btxt |
||
| 337 |
_aunmediated _2rdamedia _bn |
||
| 338 |
_avolume _bnc _2rdacarrier |
||
| 500 | _aPrev. ed. published as: Statistics, probability, and reliability for civil and environmental engineers. New York : McGraw-Hill, c1997. | ||
| 504 | _aIncludes bibliographical references and index. | ||
| 650 | 7 |
_aCivil engineering _xStatistical methods. _2BUEsh _920141 |
|
| 650 | 7 |
_aEnvironmental engineering _xStatistical methods. _2BUEsh _920142 |
|
| 650 | 7 |
_aProbabilities. _2BUEsh _920143 |
|
| 655 | _vReading book | ||
| 700 | 1 |
_aRosso, Renzo, _eauthor. _920144 |
|
| 856 | 4 | 2 |
_3Contributor biographical information _uhttp://www.loc.gov/catdir/enhancements/fy0808/2007047496-b.html |
| 856 | 4 | 2 |
_3Publisher description _uhttp://www.loc.gov/catdir/enhancements/fy0808/2007047496-d.html |
| 856 | 4 | 1 |
_3Table of contents only _uhttp://www.loc.gov/catdir/enhancements/fy0808/2007047496-t.html |
| 942 |
_2ddc _cBB |
||
| 999 |
_c14756 _d14756 |
||